01115nam a22002417a 4500003001000000005001700010007000300027008004100030015001200071020002200083040003400105044001300139080002100152100003700173245008700210250004400297260003600341300002800377520036600405650003300771655002900804700004000833AR-RoUNCS20260306123333.0ta160803s2016 ag a dr 000 f spa  aAR-2016 a978-987-3820-29-8 aAR-BaBNbspacAR-RoUNCSeaacr aagcar-c1 a82-31(460)220161 aPunset, Ana,d1981-eautora4aut13aEl club de las zapatillas rojas /cAna Punset ; ilustraciones de Paula González. a1a ed. en la Argentina bajo este sello. aBuenos Aires :bMontena,c2016. a264 p. :bil. ;c21 cm.3 aLucía, Frida, Bea y Marta son inseparables, siempre lo han sido y siempre lo serán. Ahora deben enfrentarse a una difícil noticia: ¡Marta y su familia se va a vivir a Berlín! Parece que el mundo se acaba... pero pronto las cuatro amigas decidirán fundar un club que les permitirá estar unidas hasta el fin de los tiempos. (Descripción del editor) 72embnealiteratura española 7aNovelas juveniles2embne1 aGonzález, Paulaeilustradora4ill